漢字1文字の駅 - Statistics

General Stats
  • This quiz has been taken 383 times
  • The average score is 34 of 85
Answer Stats
Hint Answer % Correct
関西本線/近鉄名古屋線/伊勢鉄道伊勢線
86%
呉線
85%
函館本線
80%
水間鉄道水間線
80%
常磐線/東武野田線
79%
東北本線(京浜東北線)
72%
総武本線
67%
土讃線
67%
東海道本線
66%
呉線
66%
地下鉄鶴舞線
66%
ことでん志度線
66%
呉線
65%
八戸線
62%
弥彦線
62%
関西本線
58%
長良川鉄道越美南線
58%
名鉄名古屋本線
54%
近鉄湯の山線
54%
南海本線
54%
阪和線
52%
城端線
51%
山陽本線
50%
地下鉄東山線/名城線
50%
神鉄粟生線
50%
水島臨海鉄道水島本線
50%
烏山線
47%
加古川線
47%
土讃線/徳島線
47%
常磐線
46%
福島交通飯坂線
46%
阪急京都本線/嵐山線
45%
釧網本線
44%
山陰本線
44%
あいの風とやま鉄道線
44%
四日市あすなろう鉄道内部線
44%
飯田線
43%
阪神なんば線
43%
山陰本線
42%
平成筑豊鉄道田川線
42%
越後線
38%
芸備線
38%
東武伊勢崎線
38%
京阪本線
37%
東海道本線
36%
奥羽本線
33%
太多線
33%
三陸鉄道リアス線
33%
阿武隈急行線
32%
徳島線
30%
西鉄天神大牟田線
29%
高山本線
28%
山陰本線
28%
近鉄名古屋線
28%
アルピコ交通上高地線
28%
南海本線
27%
飯山線
26%
日豊本線
26%
近鉄吉野線
26%
近鉄鈴鹿線
26%
富士急行線 寿
26%
丹鉄宮福線
26%
水郡線
25%
飯田線
24%
紀勢本線 椿
24%
予讃線
23%
肥薩線
23%
徳島線
22%
若桜鉄道若桜線
21%
西鉄天神大牟田線
19%
宇都宮ライトレール
19%
えちぜん鉄道勝山永平寺線
18%
北条鉄道北条線
18%
アストラムライン
18%
肥薩おれんじ鉄道線
18%
京阪石山坂本線
17%
阿武隈急行線
17%
養老鉄道養老線
17%
肥薩線
15%
上毛電気鉄道上毛線
15%
平成筑豊鉄道伊田線
15%
島原鉄道線
15%
一畑電車北松江線
14%
ことでん琴平線
12%
松浦鉄道西九州線
12%
No matching quizzes found
Score Distribution
Percent of People with Each Score
Percentile by Number Answered
Your Score History
You have not taken this quiz